[Event "Eliteserien 2013 - 14"]
[Site "Oslo"]
[Date "2013.11.01"]
[Round "2"]
[White "Bern, Ivar"]
[Black "Lie, Kjetil A."]
[Result "1-0"]
[WhiteElo "2304"]
[BlackElo "2532"]
[PlyCount "77"]
[EventDate "2013.??.??"]

1. c4 e5 2. g3 Nf6 3. Bg2 c6 4. d4 exd4 5. Qxd4 d5 6. Nh3 Na6 7. cxd5 Nb4 8.
Na3 Nbxd5 9. O-O Qb6 10. Qa4 Bc5 11. Nc4 Qc7 12. Qb3 O-O 13. Nf4 Re8 14. Nxd5
cxd5 15. Ne3 Be6 16. Qd3 Rad8 17. Nc2 Bg4 18. e3 d4 19. e4 Be6 20. b3 Ng4 21.
Bf4 Bd6 22. Bxd6 Rxd6 23. Nb4 Ne5 24. Qd2 d3 25. Rac1 Qb6 26. Nd5 Bxd5 27. exd5
Qd4 28. Rfe1 f6 29. Kh1 Red8 30. f4 Nd7 31. Rc4 Qb6 32. Qxd3 Qa5 33. Re2 Nb6
34. Rd4 Rc8 35. h3 Rc3 36. Re8+ Kf7 37. Qe2 Rc7 38. Rde4 Kg6 39. f5+
1-0

[Event "Eliteserien 2013 - 14"]
[Site "Oslo"]
[Date "2013.11.01"]
[Round "2"]
[White "Bjerke, Silje"]
[Black "Borchgrevink, Harald B"]
[Result "1/2-1/2"]
[WhiteElo "2210"]
[BlackElo "2280"]
[PlyCount "24"]
[EventDate "2013.??.??"]

1. e4 c5 2. Nf3 Nc6 3. d4 cxd4 4. Nxd4 e5 5. Nb5 d6 6. N1c3 a6 7. Na3 Be6 8.
Nc4 b5 9. Ne3 Nf6 10. g3 Be7 11. Bg2 Rc8 12. O-O O-O
1/2-1/2

[Event "Eliteserien 2013 - 14"]
[Site "Oslo"]
[Date "2013.11.01"]
[Round "2"]
[White "Børresen, Georg S."]
[Black "Gudbrandsen, Gustav"]
[Result "1-0"]
[WhiteElo "2191"]
[BlackElo "2231"]
[PlyCount "73"]
[EventDate "2013.??.??"]

1. e4 e6 2. d4 d5 3. Nd2 c5 4. exd5 exd5 5. Ngf3 Nf6 6. Bb5+ Nc6 7. O-O Be7 8.
dxc5 O-O 9. Nb3 Ne4 10. Be3 Bg4 11. Be2 Rc8 12. Nfd2 Be6 13. c3 Ne5 14. Nxe4
dxe4 15. Qd4 Qc7 16. Qxe4 f5 17. Qa4 Ng4 18. Bf4 Qc6 19. Qxc6 bxc6 20. Nd4 Bd5
21. b4 g6 22. Rfe1 Bf6 23. h3 Ne5 24. Bxe5 Bxe5 25. Bf3 Bf6 26. Bxd5+ cxd5 27.
Re6 Rc7 28. Rae1 a5 29. a3 axb4 30. axb4 Bg5 31. R1e2 Ra7 32. c6 Ra1+ 33. Kh2
Rc1 34. Nb5 Rc8 35. Re8+ Rxe8 36. Rxe8+ Kg7 37. g3
1-0

[Event "Eliteserien 2013 - 14"]
[Site "Oslo"]
[Date "2013.11.01"]
[Round "2"]
[White "Briseid, Håkon"]
[Black "Sahl, Sheila Barth"]
[Result "1-0"]
[WhiteElo "2143"]
[BlackElo "2243"]
[PlyCount "81"]
[EventDate "2013.??.??"]

1. d4 d5 2. c4 c6 3. Nc3 e5 4. dxe5 d4 5. Ne4 Qa5+ 6. Bd2 Qxe5 7. Ng3 c5 8. Nf3
Qd6 9. e3 Nc6 10. exd4 cxd4 11. Bd3 Be6 12. O-O Nf6 13. a3 Be7 14. Nf5 Bxf5 15.
Bxf5 O-O 16. Re1 a5 17. Rc1 Qc5 18. Bd3 Nd7 19. Rb1 Bf6 20. b4 axb4 21. axb4
Qh5 22. Be4 Rac8 23. c5 g6 24. b5 Nd8 25. Bxb7 Rxc5 26. Ba6 Rd5 27. Bb4 Nc5 28.
Bxc5 Rxc5 29. Nxd4 Qh4 30. Nf3 Qf4 31. b6 Nc6 32. Rc1 Ra5 33. Bb7 Nd4 34. Be4
Nxf3+ 35. Qxf3 Qd6 36. Rc6 Qb4 37. Rb1 Ra1 38. Rcc1 Qa5 39. Qxf6 Rxb1 40. Rxb1
Re8 41. b7
1-0

[Event "Eliteserien 2013 - 14"]
[Site "Oslo"]
[Date "2013.11.01"]
[Round "2"]
[White "Hobber, Anders"]
[Black "Byklum, Bjørnar"]
[Result "1/2-1/2"]
[WhiteElo "2244"]
[BlackElo "2296"]
[PlyCount "78"]
[EventDate "2013.??.??"]

1. d4 Nf6 2. Nf3 c5 3. c3 b6 4. Bf4 Bb7 5. e3 g6 6. Be2 Bg7 7. O-O d6 8. h3 O-O
9. a4 a6 10. Qb3 Nc6 11. dxc5 bxc5 12. Nbd2 Rb8 13. e4 Qc7 14. Qc2 Nd7 15. Nc4
Nb6 16. Nfd2 Nxc4 17. Nxc4 Na5 18. Rfd1 Nxc4 19. Bxc4 a5 20. Re1 Bc6 21. Rad1
Rb6 22. b3 Bd7 23. Qd3 Be6 24. Bh2 Bxc4 25. Qxc4 e6 26. Rd3 Rd8 27. Red1 Bf8
28. Be5 Be7 29. Bf4 Qb8 30. Rb1 Qb7 31. Rbd1 Qb8 32. Bg3 Rxb3 33. f4 Rb1 34. f5
d5 35. Bxb8 Rxd1+ 36. Rxd1 dxc4 37. Rxd8+ Bxd8 38. fxe6 fxe6 39. Kf2 Kf7
1/2-1/2

[Event "Eliteserien 2013 - 14"]
[Site "Oslo"]
[Date "2013.11.01"]
[Round "2"]
[White "Hagesæther, Ellen"]
[Black "Collins, Sam"]
[Result "0-1"]
[WhiteElo "2210"]
[BlackElo "2471"]
[PlyCount "62"]
[EventDate "2013.??.??"]

1. c4 e5 2. g3 Nf6 3. Bg2 d5 4. cxd5 Nxd5 5. Nc3 Nb6 6. d3 Be7 7. Nf3 Nc6 8. a3
O-O 9. b4 Be6 10. O-O f6 11. Bb2 a5 12. b5 Nd4 13. Nxd4 exd4 14. Na4 Bd5 15.
Nxb6 cxb6 16. Qa4 Bxg2 17. Kxg2 Bc5 18. Rac1 Kh8 19. Rc4 Qd5+ 20. f3 Rad8 21.
Kg1 Rfe8 22. Rf2 h5 23. Qc2 Re6 24. Kf1 Rde8 25. Qd2 Rxe2 26. Qf4 Qe6 27. g4
Rxf2+ 28. Kxf2 Qe1+ 29. Kg2 Re2+ 30. Kh3 Qf1+ 31. Kh4 g5+
0-1

[Event "Eliteserien 2013 - 14"]
[Site "Oslo"]
[Date "2013.11.01"]
[Round "2"]
[White "Gullaksen, Eirik"]
[Black "Guttulsrud, Odd Martin"]
[Result "1-0"]
[WhiteElo "2384"]
[BlackElo "2181"]
[PlyCount "119"]
[EventDate "2013.??.??"]

1. d4 Nf6 2. c4 c5 3. d5 e6 4. Nc3 exd5 5. cxd5 d6 6. Nf3 g6 7. Bf4 a6 8. a4
Nh5 9. Bg5 Qb6 10. Qc1 Bg7 11. Nd2 Nd7 12. Nc4 Qc7 13. Ne4 O-O 14. Be7 Re8 15.
Bxd6 Qd8 16. Nxc5 Nb6 17. Bg3 Nxc4 18. Qxc4 Bxb2 19. Rb1 Qa5+ 20. Kd1 Nxg3 21.
hxg3 Bg7 22. e4 f5 23. d6+ Kh8 24. Qf7 Be6 25. Qxg6 Bg8 26. Rxb7 Qc3 27. Bd3
Reb8 28. Qxg7+ Qxg7 29. Rxg7 Kxg7 30. e5 Rb2 31. Bc2 Rxc2 32. Kxc2 Rc8 33. f4
Rxc5+ 34. Kd3 Be6 35. Rb1 Rd5+ 36. Ke3 Ra5 37. Rb7+ Kg6 38. Re7 Bc8 39. d7 Bxd7
40. Rxd7 Rxa4 41. Rd4 Ra1 42. Rd6+ Kh5 43. Rf6 Kg4 44. Kd4 Rd1+ 45. Kc5 a5 46.
e6 a4 47. e7 Re1 48. Kd6 a3 49. Re6 Rd1+ 50. Kc7 Rc1+ 51. Kd7 Rd1+ 52. Rd6 Re1
53. e8=Q Rxe8 54. Kxe8 Kxg3 55. Rd3+ Kxg2 56. Rxa3 h5 57. Kf7 h4 58. Kg6 h3 59.
Kxf5 h2 60. Ra2+
1-0

[Event "Eliteserien 2013 - 14"]
[Site "Oslo"]
[Date "2013.11.01"]
[Round "2"]
[White "Hersvik, Daniel"]
[Black "Hammerstad, Åsmund"]
[Result "1-0"]
[WhiteElo "2220"]
[BlackElo "2260"]
[PlyCount "63"]
[EventDate "2013.??.??"]

1. e4 e6 2. d4 d5 3. Nc3 Nc6 4. Nf3 Nf6 5. Bg5 Be7 6. e5 Ne4 7. Bxe7 Qxe7 8. a3
f6 9. exf6 gxf6 10. Bb5 O-O 11. O-O Nxc3 12. bxc3 Nd8 13. Re1 Nf7 14. Bf1 c5
15. c4 Qd6 16. Rb1 b6 17. cxd5 exd5 18. c4 Bf5 19. dxc5 bxc5 20. Rb7 Bc8 21.
Rb3 d4 22. Nh4 Ng5 23. Qh5 Bd7 24. Rg3 Rfe8 25. Rd1 Kh8 26. Bd3 Qe6 27. Rxg5
Qe1+ 28. Rxe1 Rxe1+ 29. Bf1 fxg5 30. Qxg5 Rb8 31. Nf3 Ree8 32. Qxc5
1-0

[Event "Eliteserien 2013 - 14"]
[Site "Oslo"]
[Date "2013.11.01"]
[Round "2"]
[White "Hauge, Lars Oskar"]
[Black "Kvisvik, Brede Alex."]
[Result "1-0"]
[WhiteElo "2179"]
[BlackElo "2316"]
[PlyCount "69"]
[EventDate "2013.??.??"]

1. e4 c5 2. Nc3 d6 3. f4 Nc6 4. Nf3 g6 5. Bb5 Bd7 6. O-O Bg7 7. d3 a6 8. Bxc6
Bxc6 9. f5 Qb6 10. Qe1 O-O-O 11. Nd5 Bxd5 12. exd5 gxf5 13. Rb1 Rd7 14. b4 c4+
15. Be3 Qb5 16. dxc4 Qxc4 17. b5 f4 18. Nd2 Qxd5 19. Rxf4 axb5 20. c4 Qe6 21.
cxb5 d5 22. Ra4 Rc7 23. Nb3 Bc3 24. Qg3 b6 25. Bf4 Qf5 26. Rc1 e5 27. Rxc3 exf4
28. Rxc7+ Kxc7 29. Qc3+ Kd7 30. Qxh8 Qb1+ 31. Kf2 Qc2+ 32. Ke1 f3 33. gxf3 Qb1+
34. Kd2 Qg1 35. Qe5
1-0

[Event "Eliteserien 2013 - 14"]
[Site "Oslo"]
[Date "2013.11.01"]
[Round "2"]
[White "Leer-Salvesen, Bjarte"]
[Black "Haugli, Petter"]
[Result "1/2-1/2"]
[WhiteElo "2371"]
[BlackElo "2293"]
[PlyCount "25"]
[EventDate "2013.??.??"]

1. c4 Nf6 2. g3 c5 3. Bg2 Nc6 4. Nf3 Qb6 5. Nc3 e6 6. O-O Be7 7. b3 O-O 8. Bb2
d5 9. cxd5 Nxd5 10. Nxd5 exd5 11. d4 c4 12. Ne5 Be6 13. Nxc6
1/2-1/2

[Event "Eliteserien 2013 - 14"]
[Site "Oslo"]
[Date "2013.11.01"]
[Round "2"]
[White "Houska, Jovanka"]
[Black "Urkedal, Frode Olav Olsen"]
[Result "1/2-1/2"]
[WhiteElo "2400"]
[BlackElo "2469"]
[PlyCount "82"]
[EventDate "2013.??.??"]

1. d4 Nf6 2. Nf3 e6 3. c4 b6 4. g3 Bb7 5. Bg2 c5 6. d5 exd5 7. Nh4 g6 8. Nc3
Bg7 9. O-O d6 10. Bg5 Qd7 11. cxd5 h6 12. Bd2 O-O 13. e4 b5 14. Re1 b4 15. Na4
Ng4 16. Nf3 Na6 17. h3 Nf6 18. Bf4 Rfe8 19. Nd2 Nxd5 20. exd5 Rxe1+ 21. Qxe1 g5
22. Bxd6 Re8 23. Qd1 Qxd6 24. Ne4 Qf8 25. Qd3 f5 26. Qb5 fxe4 27. Qxb7 Qd6 28.
Re1 Bd4 29. Qc6 Qxc6 30. dxc6 e3 31. fxe3 Rxe3 32. Rxe3 Bxe3+ 33. Kf1 Kf8 34.
Ke2 Bd4 35. Kd3 Ke7 36. Kc4 Kd6 37. b3 Nc7 38. Bf3 Ne6 39. Bd5 Nc7 40. Bf3 Ne6
41. Bd5 Nc7
1/2-1/2

[Event "Eliteserien 2013 - 14"]
[Site "Oslo"]
[Date "2013.11.01"]
[Round "2"]
[White "Johannessen, Leif E"]
[Black "Sedlak, Nikola"]
[Result "1/2-1/2"]
[WhiteElo "2521"]
[BlackElo "2572"]
[PlyCount "80"]
[EventDate "2013.??.??"]

1. d4 Nf6 2. c4 g6 3. Nc3 Bg7 4. e4 d6 5. f4 O-O 6. Nf3 c5 7. dxc5 Qa5 8. Bd3
Qxc5 9. Qe2 Bg4 10. Be3 Qa5 11. O-O Nc6 12. Rac1 e5 13. Qd2 exf4 14. Bxf4 Bxf3
15. gxf3 Nh5 16. Be3 Bd4 17. Bxd4 Nxd4 18. Kh1 Qe5 19. f4 Qg7 20. Bb1 Rad8 21.
Rcd1 Nc6 22. Nb5 Qh6 23. Rf3 a6 24. Nc7 Nf6 25. Nd5 Qg7 26. Nxf6+ Qxf6 27. Rd3
Rfe8 28. Rd5 Qh4 29. b4 Ne7 30. Rg5 Kf8 31. Rf1 Qh3 32. Kg1 Qe6 33. Bd3 Qf6 34.
Rg3 Qd4+ 35. Kh1 f5 36. Qg2 fxe4 37. Bxe4 d5 38. cxd5 Nxd5 39. Bxd5 Qxd5 40. f5
Qxg2+
1/2-1/2

[Event "Eliteserien 2013 - 14"]
[Site "Oslo"]
[Date "2013.11.01"]
[Round "2"]
[White "Rishovd, Svein"]
[Black "Johansen, Terje"]
[Result "0-1"]
[WhiteElo "2035"]
[BlackElo "2265"]
[PlyCount "64"]
[EventDate "2013.??.??"]

1. c4 f5 2. g3 Nf6 3. Nc3 e6 4. Bg2 Be7 5. Nf3 O-O 6. O-O d5 7. d3 d4 8. Nb5
Nc6 9. e3 dxe3 10. fxe3 e5 11. d4 e4 12. Ne1 Ne5 13. b3 c6 14. Nc3 Neg4 15. Ne2
Qe8 16. Nc2 Bd6 17. Bb2 Nxh2 18. Kxh2 Ng4+ 19. Kg1 Qh5 20. Rf4 Qh2+ 21. Kf1 g5
22. d5 c5 23. Rxg4 fxg4+ 24. Nf4 gxf4 25. gxf4 Bxf4 26. exf4 Rxf4+ 27. Ke1 Qxg2
28. Qe2 Qg3+ 29. Kd1 Rf2 30. Qxe4 Bf5 31. Be5 Qg1+ 32. Qe1 Bxc2+
0-1

[Event "Eliteserien 2013 - 14"]
[Site "Oslo"]
[Date "2013.11.01"]
[Round "2"]
[White "Kjølberg, Jens Hjorth"]
[Black "Martinsen, Stig K."]
[Result "1-0"]
[WhiteElo "1984"]
[BlackElo "2166"]
[PlyCount "68"]
[EventDate "2013.??.??"]

1. e4 d6 2. d4 Nf6 3. Nc3 g6 4. Nf3 Bg7 5. Be2 O-O 6. O-O c6 7. h3 Qa5 8. Be3
Nbd7 9. a4 Qc7 10. a5 Rb8 11. d5 Nc5 12. Nd2 cxd5 13. exd5 Bd7 14. Ra3 b5 15.
axb6 Qxb6 16. Nb3 Qc7 17. Nxc5 dxc5 18. Qa1 Bf5 19. Rxa7 Qd6 20. Ra6 Qe5 21.
Bf3 Bxc2 22. Bxc5 Rfe8 23. Re1 Qc7 24. b4 Nd7 25. Ra7 Qc8 26. Ra5 Nxc5 27. Rxc5
Qb7 28. Qb2 Qxb4 29. Qxb4 Rxb4 30. d6 e6 31. d7 Rd8 32. Rc8 Rb8 33. Rxb8 Rxb8
34. Rc1 Bxc3
1-0

[Event "Eliteserien 2013 - 14"]
[Site "Oslo"]
[Date "2013.11.01"]
[Round "2"]
[White "Merkesvik, Sondre"]
[Black "Kvisla, Johannes"]
[Result "0-1"]
[WhiteElo "1917"]
[BlackElo "2136"]
[PlyCount "128"]
[EventDate "2013.??.??"]

1. Nf3 Nf6 2. g3 e6 3. Bg2 d5 4. O-O b5 5. d4 Bb7 6. c3 Nbd7 7. a4 b4 8. Nfd2
c5 9. Re1 cxd4 10. cxd4 Qb6 11. e3 a5 12. b3 Be7 13. Bb2 O-O 14. e4 dxe4 15.
Nc4 Qa7 16. Nbd2 Rfd8 17. Qe2 e3 18. Nxe3 Bxg2 19. Kxg2 Qb7+ 20. Kg1 Nb6 21.
Ndc4 Nxc4 22. Nxc4 Nd5 23. Qe4 Bf6 24. Rac1 Qa6 25. Red1 Rac8 26. h4 g6 27. Ba1
Bg7 28. Bb2 Bh6 29. Rc2 f5 30. Qf3 Bg7 31. Rcc1 Nf6 32. Rd3 Ne4 33. Rcd1 Rxc4
34. bxc4 Qxc4 35. Qe2 Qc6 36. Rc1 Qxa4 37. f3 Nxg3 38. Qxe6+ Kf8 39. Rc8 Rxc8
40. Qxc8+ Qe8 41. Qc5+ Kg8 42. Kf2 f4 43. Qc2 Qd7 44. Rd1 Qh3 45. Rg1 Qd7 46.
Qc4+ Kh8 47. Re1 Nf5 48. Re4 Ne3 49. Qc1 Nd5 50. Qc5 Qd8 51. Qc6 Nf6 52. Rxf4
h5 53. d5 Qxd5 54. Qc8+ Kh7 55. Bxf6 Bxf6 56. Rxf6 Qd4+ 57. Kg3 Qxf6 58. Qc7+
Qg7 59. Qxa5 b3 60. Qb5 b2 61. Kh3 Qf6 62. Qb4 Qxf3+ 63. Kh2 Qe2+ 64. Kg3 Qg4+
0-1

[Event "Eliteserien 2013 - 14"]
[Site "Oslo"]
[Date "2013.11.01"]
[Round "2"]
[White "Tari, Aryan"]
[Black "Moen, Andreas G.R."]
[Result "1/2-1/2"]
[WhiteElo "2295"]
[BlackElo "2390"]
[PlyCount "128"]
[EventDate "2013.??.??"]

1. e4 e5 2. Nf3 Nc6 3. d4 exd4 4. Nxd4 Nf6 5. Nxc6 bxc6 6. e5 Qe7 7. Qe2 Nd5 8.
c4 Ba6 9. b3 g6 10. g3 Bg7 11. Bb2 O-O 12. Bg2 Rae8 13. O-O Nb6 14. Re1 f6 15.
Qe3 c5 16. exf6 Qxe3 17. Rxe3 Rxe3 18. fxe3 Rxf6 19. Nd2 Re6 20. Bxg7 Kxg7 21.
Ne4 d6 22. Re1 Re7 23. Nc3 Bc8 24. h3 h6 25. Kf2 Bd7 26. g4 g5 27. Kg3 Be6 28.
e4 Bd7 29. e5 Be8 30. e6 c6 31. h4 gxh4+ 32. Kxh4 Kf6 33. Ne4+ Kxe6 34. Bh3 Kd7
35. Nxc5+ dxc5 36. g5+ Kd8 37. gxh6 Bg6 38. Rxe7 Kxe7 39. Kg5 Kf7 40. Bf5 Bxf5
41. Kxf5 Nc8 42. h7 Nd6+ 43. Kf4 Kg7 44. Ke5 Nb7 45. Ke6 Kxh7 46. Kd7 Na5 47.
Kc7 Kg7 48. Kb8 Kf7 49. Kxa7 Ke7 50. Ka6 Nxb3 51. axb3 Ke6 52. Ka7 Ke7 53. Ka8
Ke8 54. Kb7 Kd7 55. Kb6 Kd6 56. Ka5 Ke5 57. Ka6 Ke6 58. Kb6 Kd6 59. Kb7 Kd7 60.
Ka7 Ke7 61. Kb8 Kd8 62. Ka8 Ke8 63. Kb8 Kd8 64. Kb7 Kd7
1/2-1/2

[Event "Eliteserien 2013 - 14"]
[Site "Oslo"]
[Date "2013.11.01"]
[Round "2"]
[White "Stigar, Petter"]
[Black "Østenstad, Berge"]
[Result "0-1"]
[WhiteElo "2290"]
[BlackElo "2483"]
[PlyCount "82"]
[EventDate "2013.??.??"]

1. Nf3 Nf6 2. c4 c5 3. g3 b6 4. Bg2 Bb7 5. O-O g6 6. Nc3 Bg7 7. d4 cxd4 8. Qxd4
d6 9. Bg5 h6 10. Be3 Nc6 11. Qd1 Ng4 12. Bd2 O-O 13. Rc1 Qd7 14. b3 Rfd8 15.
Nd5 e6 16. Ne3 Nf6 17. Bc3 a6 18. Qc2 Qe7 19. Rfd1 Rac8 20. Qb2 Kh7 21. h3 b5
22. Ng4 e5 23. Nxf6+ Bxf6 24. cxb5 axb5 25. a3 d5 26. e3 d4 27. exd4 exd4 28.
Bd2 Qd6 29. Bf4 Qd7 30. Ne1 Ne7 31. Bxb7 Qxb7 32. Qe2 Nd5 33. Qf3 Qd7 34. h4
Bg7 35. Bd2 Qe6 36. Nd3 Nc3 37. Re1 Qxb3 38. Re7 Qd5 39. Qxd5 Rxd5 40. Nf4 Rf5
41. g4 Bf8
0-1

[Event "Eliteserien 2013 - 14"]
[Site "Oslo"]
[Date "2013.11.01"]
[Round "2"]
[White "Sagafos, Magne"]
[Black "Stubberud, Ørnulf"]
[Result "1-0"]
[WhiteElo "2408"]
[BlackElo "2322"]
[PlyCount "137"]
[EventDate "2013.??.??"]

1. e4 c5 2. a3 e6 3. c3 Nf6 4. e5 Nd5 5. d4 cxd4 6. cxd4 d6 7. Nf3 Nd7 8. Bd3
Qc7 9. O-O dxe5 10. dxe5 Nc5 11. Bc2 Be7 12. Nbd2 b6 13. Ne4 Nxe4 14. Bxe4 Bb7
15. Qa4+ Bc6 16. Qc2 Rc8 17. Re1 h6 18. Bd2 Qd7 19. Nd4 Bb7 20. Qd3 Rd8 21.
Rad1 Bc5 22. Nb3 Bf8 23. Qg3 Ne7 24. Bc2 Bd5 25. Bb4 g6 26. Nd4 Nf5 27. Bxf5
gxf5 28. Ne2 Bxb4 29. Qg7 Rf8 30. axb4 Qe7 31. Qxh6 Qxb4 32. Nf4 Bb3 33. Rxd8+
Kxd8 34. Re3 Kc7 35. h4 Rd8 36. Rc3+ Kb7 37. Qg5 Rd1+ 38. Kh2 Rd4 39. Nd3 Rxh4+
40. Kg1 Qa4 41. Qe7+ Ka6 42. Rc7 Qa1+ 43. Nc1 Ra4 44. Qd7 Ka5 45. Rxa7+ Kb4 46.
Qd2+ Kb5 47. Qd7+ Kb4 48. Rc7 Bc4 49. Rxc4+ Kxc4 50. b3+ Kc3 51. Qd3+ Kb2 52.
Qd2+ Ka3 53. bxa4 Kxa4 54. f4 b5 55. Qc2+ Kb4 56. Kf2 Qd4+ 57. Ke2 Qd5 58. Nd3+
Ka5 59. Qc7+ Ka4 60. Qc2+ Ka5 61. Qd2+ Kb6 62. Qe3+ Kc7 63. Qc5+ Qxc5 64. Nxc5
Kc6 65. Nb3 b4 66. Kd3 Kb5 67. Kd4 Ka4 68. Kc4 Ka3 69. Nc5
1-0

[Event "Eliteserien 2013 - 14"]
[Site "Oslo"]
[Date "2013.11.01"]
[Round "3"]
[White "Østenstad, Berge"]
[Black "Andersen, Alf Roger"]
[Result "1-0"]
[WhiteElo "2483"]
[BlackElo "2205"]
[PlyCount "81"]
[EventDate "2013.??.??"]

1. d4 f5 2. g3 Nf6 3. Bg2 g6 4. c4 Bg7 5. Nc3 d6 6. d5 O-O 7. Nh3 Nbd7 8. Rb1
Ne5 9. b3 a6 10. O-O Qe8 11. a4 Kh8 12. e3 Ne4 13. Ne2 h6 14. Bb2 Qf7 15. f3
Nf6 16. Qd2 Bd7 17. Rbc1 c5 18. a5 Rac8 19. Nf2 g5 20. Bxe5 dxe5 21. Nd3 Ne8
22. f4 exf4 23. exf4 Qh5 24. Ne5 Nf6 25. Bf3 g4 26. Bg2 Rfd8 27. Qe3 Qe8 28.
Rcd1 Kh7 29. Nc1 Rc7 30. Ncd3 Rdc8 31. Rfe1 Ng8 32. h3 h5 33. hxg4 hxg4 34. Nf2
Bf6 35. d6 exd6 36. Rxd6 Bc6 37. Bxc6 bxc6 38. Qd3 Qh5 39. Nfxg4 Rg7 40. Rxf6
Re8 41. Rxf5
1-0

[Event "Eliteserien 2013 - 14"]
[Site "Oslo"]
[Date "2013.11.01"]
[Round "3"]
[White "Koskela, Niina"]
[Black "Andersen, Lars Even"]
[Result "1/2-1/2"]
[WhiteElo "2211"]
[BlackElo "2297"]
[PlyCount "45"]
[EventDate "2013.??.??"]

1. e4 d5 2. exd5 Nf6 3. Nf3 Nxd5 4. d4 g6 5. g3 Bg7 6. Bg2 O-O 7. O-O c6 8. Re1
Bf5 9. c3 Re8 10. Nbd2 Qc8 11. Nc4 Nd7 12. a4 N7f6 13. a5 Bh3 14. Bh1 h6 15.
Nce5 Ng4 16. Qe2 a6 17. Bd2 Nxe5 18. Nxe5 Nf6 19. Nc4 Qf5 20. Ne3 Qd7 21. Nc4
Qf5 22. Ne3 Qd7 23. Nc4
1/2-1/2

[Event "Eliteserien 2013 - 14"]
[Site "Oslo"]
[Date "2013.11.01"]
[Round "3"]
[White "Andreassen, Pål"]
[Black "Sahl, Sheila Barth"]
[Result "0-1"]
[WhiteElo "2125"]
[BlackElo "2243"]
[PlyCount "60"]
[EventDate "2013.??.??"]

1. c4 e5 2. Nc3 Nf6 3. g3 d5 4. cxd5 Nxd5 5. Bg2 Nb6 6. Nf3 Nc6 7. O-O Be7 8.
d3 O-O 9. Be3 Be6 10. Na4 f6 11. Bc5 Nxa4 12. Bxe7 Qxe7 13. Qxa4 Rfd8 14. Rfc1
Nd4 15. Nxd4 Rxd4 16. Qc2 c6 17. a3 a5 18. Qc5 Qxc5 19. Rxc5 Bb3 20. Be4 g6 21.
Re1 a4 22. e3 Rd6 23. Re2 f5 24. Bg2 Rxd3 25. e4 Rd1+ 26. Bf1 f4 27. gxf4 exf4
28. f3 Rad8 29. e5 R8d2 30. Re4 Be6
0-1

[Event "Eliteserien 2013 - 14"]
[Site "Oslo"]
[Date "2013.11.01"]
[Round "3"]
[White "Nordahl, Helge"]
[Black "Astrup, Kim Chr."]
[Result "1-0"]
[WhiteElo "2340"]
[BlackElo "2256"]
[PlyCount "64"]
[EventDate "2013.??.??"]

1. d4 d6 2. Nf3 g6 3. c4 Bg7 4. Nc3 Bg4 5. e4 Bxf3 6. gxf3 c5 7. dxc5 Bxc3+ 8.
bxc3 dxc5 9. Qxd8+ Kxd8 10. Be3 b6 11. O-O-O+ Ke8 12. Bh3 e6 13. f4 Nc6 14. f5
Ke7 15. fxe6 fxe6 16. Bg5+ Nf6 17. f4 h6 18. Bxf6+ Kxf6 19. Rd7 g5 20. e5+ Kg6
21. Rd6 Nd8 22. f5+ Kh5 23. fxe6 g4 24. Bg2 Rc8 25. Rhd1 Re8 26. Rxd8 Rcxd8 27.
Rxd8 Rxe6 28. Rd5 Kg5 29. Kd2 Kf4 30. Rd6 Rxe5 31. Rxh6 Re7 32. Rf6+ Kg5
1-0

[Event "Eliteserien 2013 - 14"]
[Site "Oslo"]
[Date "2013.11.01"]
[Round "3"]
[White "Bae, Torstein"]
[Black "Valaker, Ole Johan"]
[Result "1-0"]
[WhiteElo "2442"]
[BlackElo "2184"]
[PlyCount "59"]
[EventDate "2013.??.??"]

1. Nf3 d5 2. c4 d4 3. b4 f6 4. e3 dxe3 5. fxe3 e5 6. c5 Be6 7. d4 c6 8. Bd3 a5
9. bxa5 Qxa5+ 10. Bd2 Qc7 11. O-O Nd7 12. Nc3 Nh6 13. Qc2 g6 14. Ne4 f5 15.
Neg5 Bg8 16. dxe5 Nxc5 17. e6 Nxe6 18. e4 fxe4 19. Bxe4 O-O-O 20. Rab1 Bg7 21.
Be3 Nd4 22. Nxd4 Bxd4 23. Bxd4 Rxd4 24. Rf8+ Rd8 25. Rxd8+ Qxd8 26. Bxc6 Qd4+
27. Kh1 Qc4 28. Bxb7+ Kc7 29. Qb2 Qxa2 30. Qe5+
1-0

[Event "Eliteserien 2013 - 14"]
[Site "Oslo"]
[Date "2013.11.01"]
[Round "3"]
[White "Berg, Emanuel"]
[Black "Houska, Jovanka"]
[Result "1/2-1/2"]
[WhiteElo "2574"]
[BlackElo "2400"]
[PlyCount "85"]
[EventDate "2013.??.??"]

1. e4 c6 2. d4 d5 3. Nc3 dxe4 4. Nxe4 Bf5 5. Ng3 Bg6 6. h4 h6 7. Nf3 Nd7 8. h5
Bh7 9. Bd3 Bxd3 10. Qxd3 e6 11. Bd2 Ngf6 12. O-O-O Be7 13. Qe2 c5 14. Rhe1 O-O
15. Nf5 exf5 16. Qxe7 Qb6 17. dxc5 Nxc5 18. Re5 Nce4 19. Be3 Qa6 20. Qa3 Qxa3
21. bxa3 f4 22. Bd4 Rfe8 23. Rf5 b6 24. Rh1 Rac8 25. Rxf4 Nc3 26. Kb2 Na4+ 27.
Ka1 Nd5 28. Rf5 Ne7 29. Re5 f6 30. Re2 Nf5 31. Rxe8+ Rxe8 32. Rd1 Re2 33. Kb1
Kf7 34. Kc1 Nxd4 35. Rxd4 Nc5 36. Rd2 Re4 37. Nd4 Rh4 38. Nb5 a6 39. Nd6+ Ke6
40. Ne8 Kf7 41. Nd6+ Ke6 42. Ne8 Kf7 43. Nd6+
1/2-1/2

[Event "Eliteserien 2013 - 14"]
[Site "Oslo"]
[Date "2013.11.01"]
[Round "3"]
[White "Urkedal, Frode Olav Olsen"]
[Black "Bern, Ivar"]
[Result "1-0"]
[WhiteElo "2469"]
[BlackElo "2304"]
[PlyCount "79"]
[EventDate "2013.??.??"]

1. Nf3 g6 2. e4 Bg7 3. d4 d6 4. Be2 Nf6 5. Nc3 O-O 6. O-O c6 7. h3 Nbd7 8. a4
e5 9. dxe5 dxe5 10. Be3 Qc7 11. Qd3 Nh5 12. g3 Ndf6 13. Kg2 Rd8 14. Qc4 Be6 15.
Qb4 a5 16. Qa3 h6 17. Rad1 Nd7 18. Qd6 Qc8 19. Rh1 Kh7 20. Qd2 Qc7 21. Qc1 Nhf6
22. Nh2 Ng8 23. h4 f5 24. h5 gxh5 25. exf5 Bxf5 26. Nf3 Ndf6 27. Nh4 Be6 28.
Bd3+ Rxd3 29. Rxd3 Ne7 30. f3 Rg8 31. Ne4 Bd5 32. c4 Bxe4 33. fxe4 Nxe4 34. Qc2
Kh8 35. Rhd1 Qc8 36. Rd7 Ng5 37. Bxg5 hxg5 38. Ng6+ Nxg6 39. Qxg6 Qe8 40. Rf7
1-0

[Event "Eliteserien 2013 - 14"]
[Site "Oslo"]
[Date "2013.11.01"]
[Round "3"]
[White "Bjerke, Silje"]
[Black "Hersvik, Daniel"]
[Result "0-1"]
[WhiteElo "2210"]
[BlackElo "2220"]
[PlyCount "82"]
[EventDate "2013.??.??"]

1. e4 c5 2. Nf3 d6 3. d4 cxd4 4. Nxd4 Nf6 5. Nc3 g6 6. Be3 Bg7 7. f3 O-O 8. Qd2
Nc6 9. O-O-O d5 10. Kb1 e5 11. Nxc6 bxc6 12. exd5 Nxd5 13. Nxd5 cxd5 14. Qxd5
Be6 15. Qxd8 Rfxd8 16. Ba6 f5 17. Bg5 Rdb8 18. Rd6 Bf7 19. b3 Bf8 20. Rd7 Rb6
21. Bb7 Re8 22. Rhd1 e4 23. Be3 Rxb7 24. Rxb7 exf3 25. Bxa7 fxg2 26. a4 f4 27.
Rbd7 g5 28. R7d2 f3 29. c3 Bxb3 30. Rd8 Bxa4 31. Rxe8 Bxe8 32. Kc1 g4 33. Kd2
Bd6 34. Bg1 Bxh2 35. Bc5 Bf4+ 36. Kd3 Bg6+ 37. Kc4 g3 38. Rd8+ Kg7 39. Rd7+ Kh6
40. Bf8+ Kh5 41. Rd5+ Kg4
0-1

[Event "Eliteserien 2013 - 14"]
[Site "Oslo"]
[Date "2013.11.01"]
[Round "3"]
[White "Briseid, Håkon"]
[Black "Diesen, Bruce"]
[Result "0-1"]
[WhiteElo "2143"]
[BlackElo "2156"]
[PlyCount "58"]
[EventDate "2013.??.??"]

1. d4 Nf6 2. c4 e6 3. Nc3 Bb4 4. Qc2 c5 5. e3 O-O 6. Nf3 b6 7. Bd3 Bb7 8. a3
Bxc3+ 9. Qxc3 d6 10. b4 Nbd7 11. Be2 Rc8 12. Bb2 Ne4 13. Qb3 Qe7 14. O-O Rfd8
15. Rfd1 e5 16. Rac1 Ng5 17. Nxg5 Qxg5 18. Bf1 Bf3 19. Re1 f5 20. Kh1 Bh5 21.
f3 Re8 22. dxc5 dxc5 23. Rcd1 Nf6 24. Rd6 Qh4 25. Qd1 Ne4 26. Rd2 Nxd2 27. Qxd2
Rcd8 28. Qe2 e4 29. Kg1 f4
0-1

[Event "Eliteserien 2013 - 14"]
[Site "Oslo"]
[Date "2013.11.01"]
[Round "3"]
[White "Byklum, Bjørnar"]
[Black "Devereaux, Maxim L"]
[Result "1/2-1/2"]
[WhiteElo "2296"]
[BlackElo "2367"]
[PlyCount "138"]
[EventDate "2013.??.??"]

1. d4 Nf6 2. c4 e6 3. Nc3 Bb4 4. e3 b6 5. Nge2 Ba6 6. Ng3 h5 7. h4 Bb7 8. Qd3
d5 9. cxd5 Qxd5 10. Bd2 Qd7 11. O-O-O Nc6 12. Be2 Be7 13. a3 Na5 14. Bf3 Bxf3
15. gxf3 c5 16. Nce4 Nc6 17. Bc3 cxd4 18. Ne2 Rc8 19. Kb1 Ne5 20. Qxd4 Qxd4 21.
Nxd4 Nxe4 22. fxe4 Ng4 23. Rd2 O-O 24. Re2 Bf6 25. f3 Ne5 26. Rg1 Kh7 27. Bb4
Rfd8 28. f4 Ng4 29. e5 a5 30. Bd6 g6 31. Nf3 Bg7 32. Rc1 Rxc1+ 33. Kxc1 Kg8 34.
Ng5 Bf8 35. Ne4 f5 36. Bxf8 fxe4 37. Bd6 Rc8+ 38. Kd2 Nh6 39. Ke1 Nf5 40. a4
Nxh4 41. b4 Nf5 42. bxa5 bxa5 43. Kf2 h4 44. Rb2 h3 45. Kg1 Nxe3 46. Kh2 Nc4
47. Re2 e3 48. Kxh3 Kf7 49. Kg4 Rc6 50. Bb8 Rb6 51. Ba7 Rb4 52. Kg5 Rxa4 53.
Bxe3 Ra3 54. Bf2 Rc3 55. Ra2 Rc1 56. Bd4 Rd1 57. Bc3 Rg1+ 58. Kh4 Ne3 59. Bxa5
Rg4+ 60. Kh3 Rxf4 61. Bd8 Rf3+ 62. Kh4 Nf5+ 63. Kg5 Rg3+ 64. Kf4 Rg1 65. Ra7+
Ke8 66. Bf6 Rf1+ 67. Kg5 Rg1+ 68. Kf4 Rg2 69. Rb7 Rg1
1/2-1/2